| 000 | 00342nam a2200133Ia 4500 | ||
|---|---|---|---|
| 005 | 20251222142023.0 | ||
| 008 | 251222s9999||||xx |||||||||||||| ||spa|| | ||
| 020 | _a978-9972-57-297-5 | ||
| 082 | _a278.5/G91 | ||
| 100 | _aGuibovich Pérez, Pedro M. | ||
| 245 | 0 | _aEl Edificio de Letras: | |
| 264 | _bUniversidad del Pacífico | ||
| 942 | _cLIB | ||
| 999 |
_c10716 _d10716 |
||